Texas Universities - Map Quiz - Statistics

General Stats
  • This quiz has been taken 101 times
  • The average score is 9 of 15
Answers on the Map
Answers color-coded by a green-red scale on the quiz's map according to % correct below.
 
Answer Stats
Answer % Correct
Rice University
79%
Texas Tech University
79%
University of Texas Rio Grande Valley
78%
University of Texas
76%
Baylor University
74%
Texas A&M University
73%
Midland College
63%
Texas Christian University
60%
Sam Houston State University
54%
Stephen F. Austin University
50%
University of the Incarnate Word
50%
Lamar University
47%
Angelo State University
45%
Midwestern State University
44%
Tarleton State University
37%
No matching quizzes found
Score Distribution
Percent of People with Each Score
Percentile by Number Answered
Your Score History
You have not taken this quiz